U.S. Military Aircraft - Statistics

General Stats
  • This quiz has been taken 136 times
  • The average score is 9 of 15
Answer Stats
Hint Answer % Correct
Bomber with 8 engines B-52
91%
Flown by Maverick and Goose F-14
90%
Fighter with thrust vectoring F-22
86%
Multi role fighter aircraft with dual engines and 2 vertical stabilizers F-15
81%
Bomber with a variable-sweep wing B-1
80%
Transport aircraft with 28 tires C-5
78%
Currently the most widely used and exported fighter aircraft F-16
78%
Aircraft where pilot is protected by titanium armor A-10
62%
Refueling aircraft used in every major conflict since Vietnam KC-135
62%
5th generation single seat fighter aircraft variant capable of Vertical Take-Off and Landing F-35B
59%
Has a large rotating radar on exterior of aircraft E-3
51%
The fighter aircraft that only bombs F-117
48%
High altitude Remotely Piloted Aircraft RQ-4
19%
Variant of C-130 capable of landing on snow and ice LC-130
16%
ISR aircraft used primarily for airborne ground surveillance E-8
9%
No matching quizzes found
Score Distribution
Percent of People with Each Score
Percentile by Number Answered
Your Score History
You have not taken this quiz